000 nam a22 4500
999 _c8929
_d8929
008 180320b ||||| |||| 00| 0 eng d
100 _926943
_aSimeon, Louise Maureen
245 _aMore mining firms face suspension- DENR/
_cLouise Maureen Simeon
260 _aPhilippines
_bThe Philippine Star
_cc2016
300 _apage 10.
650 0 _926944
_aEnvironmental movement.
942 _2ddc
_cPER